Statistics for Animal Species #13

Click here to take the quiz!

General Stats

  • This quiz has been taken 31 times
  • The average score is 11 of 21

Answer Stats

Answer% Correct
{Koala}
100%
American White {Pelican}
96%
{Black} Rhinoceros
96%
{Aardvark}
83%
German {Cockroach}
79%
Southern {Elephant} Seal
75%
{Sloth} Bear
54%
{Black} {Mamba}
50%
Common {Carp}
50%
{Impala}
50%
{Bighorn} Sheep
46%
European {Wildcat}
46%
{Gharial}
46%
{Mandarin} Duck
46%
Lar {Gibbon}
42%
Yellow {Mongoose}
38%
South American {Coati}
29%
Spotted {Eagle} Ray
29%
African {Wild} {Ass}
25%
Common {Cuckoo}
25%
Spotted {Hand}fish
4%

Score Distribution

Percentile by Number Answered

Percent of People with Each Score

Your Score History

You have not taken this quiz